00698nam a2200181 a 450000100100000000500170001000800410002704000250006808200150009310000530010824501150016126000370027630000230031370000410033604900090037795201130038699900170049900002540720200930023751.0100702s1962 ag r 000 |aspa d aDO-SdBNPbspacBNPHU axxxbP163a1 aPalisa Mujica de Lacau, María Hortensia95200910aAntología comentarios de textos /cMaría Hortensia Palisa Mujica de Lacau , Mabel V. Manacorda de Rosetti. aBuenos Aires :bKapelusz,c1962. a313 p. : ;c20 cm.1 aMabel V. Manacorda de Rosetti952010 aBNGR 001050718MOaGRbGRcCTd2011-02-15iLF1l0oxxx P163ap25407-10r2020-06-25w2020-06-25y1ZNo se presta c24899d24899